000 00545nam a2200193Ia 4500
005 20260120131952.0
008 008 260114s9999 xx 000 0 eng d
020 _a9780197741092
037 _aEBOOK
040 _aCRL
_beng
_cCRL
041 _aeng
_2eng
084 _qCRL
100 _aSiker
_9933361
245 0 _aScripture and Ethics: Twentieth-Century Portraits
260 _bOxford University PressOxford University Press
_c2023
856 _uhttps://academic.oup.com/book/50107
942 _cEBOOK
999 _c1525284
_d1525284